<?xml version="1.0" encoding="UTF-8"?>
<record
    xmlns:xsi="http://www.w3.org/2001/XMLSchema-instance"
    xsi:schemaLocation="http://www.loc.gov/MARC21/slim http://www.loc.gov/standards/marcxml/schema/MARC21slim.xsd"
    xmlns="http://www.loc.gov/MARC21/slim">

  <leader>01235    a2200277   4500</leader>
  <datafield tag="999" ind1=" " ind2=" ">
    <subfield code="c">97356</subfield>
    <subfield code="d">97356</subfield>
  </datafield>
  <controlfield tag="003">NALT</controlfield>
  <controlfield tag="005">20250801151157.0</controlfield>
  <controlfield tag="008">200807b        th ||||| |||| 00| 0 tha d</controlfield>
  <datafield tag="020" ind1=" " ind2=" ">
    <subfield code="a">9786168109182</subfield>
  </datafield>
  <datafield tag="040" ind1=" " ind2=" ">
    <subfield code="a">NALT</subfield>
  </datafield>
  <datafield tag="041" ind1="1" ind2=" ">
    <subfield code="a">tha</subfield>
    <subfield code="h">eng</subfield>
  </datafield>
  <datafield tag="050" ind1=" " ind2=" ">
    <subfield code="a">HD 62.15</subfield>
    <subfield code="b">&#xE27;364&#xE2D; 2562</subfield>
  </datafield>
  <datafield tag="100" ind1="1" ind2=" ">
    <subfield code="a">&#xE27;&#xE2D;&#xE14;&#xE40;&#xE01;&#xE49;, &#xE04;&#xE23;&#xE34;&#xE2A;&#xE15;&#xE34;&#xE19;&#xE32; </subfield>
    <subfield code="9">46589</subfield>
  </datafield>
  <datafield tag="245" ind1="1" ind2="0">
    <subfield code="a">&#xE2D;&#xE22;&#xE32;&#xE01;&#xE2A;&#xE33;&#xE40;&#xE23;&#xE47;&#xE08;&#xE15;&#xE49;&#xE2D;&#xE07;&#xE42;&#xE1F;&#xE01;&#xE31;&#xE2A;&#xE14;&#xE49;&#xE27;&#xE22;&#xE41;&#xE19;&#xE27;&#xE04;&#xE34;&#xE14; OKR /</subfield>
    <subfield code="c">Christina Wodke ; &#xE1C;&#xE39;&#xE49;&#xE41;&#xE1B;&#xE25; &#xE19;&#xE20;&#xE14;&#xE25; &#xE23;&#xE48;&#xE21;&#xE42;&#xE1E;&#xE18;&#xE34;&#xE4C;, &#xE1A;&#xE23;&#xE23;&#xE08;&#xE07; &#xE23;&#xE48;&#xE21;&#xE42;&#xE1E;&#xE18;&#xE34;&#xE4C;.</subfield>
  </datafield>
  <datafield tag="260" ind1=" " ind2=" ">
    <subfield code="a">&#xE01;&#xE23;&#xE38;&#xE07;&#xE40;&#xE17;&#xE1E;&#xE2F; : </subfield>
    <subfield code="b">&#xE1A;&#xE34;&#xE07;&#xE42;&#xE01;, </subfield>
    <subfield code="c">2562. </subfield>
  </datafield>
  <datafield tag="300" ind1=" " ind2=" ">
    <subfield code="a">199 &#xE2B;&#xE19;&#xE49;&#xE32; :</subfield>
    <subfield code="b">&#xE20;&#xE32;&#xE1E;&#xE1B;&#xE23;&#xE30;&#xE01;&#xE2D;&#xE1A; ;</subfield>
    <subfield code="c">21 &#xE0B;&#xE21;.</subfield>
  </datafield>
  <datafield tag="650" ind1=" " ind2="0">
    <subfield code="a">&#xE01;&#xE32;&#xE23;&#xE1A;&#xE23;&#xE34;&#xE2B;&#xE32;&#xE23;&#xE04;&#xE38;&#xE13;&#xE20;&#xE32;&#xE1E;&#xE42;&#xE14;&#xE22;&#xE23;&#xE27;&#xE21;</subfield>
    <subfield code="9">16668</subfield>
  </datafield>
  <datafield tag="650" ind1=" " ind2="0">
    <subfield code="a">&#xE01;&#xE32;&#xE23;&#xE1A;&#xE23;&#xE34;&#xE2B;&#xE32;&#xE23;&#xE2D;&#xE07;&#xE04;&#xE4C;&#xE01;&#xE32;&#xE23;</subfield>
    <subfield code="9">22015</subfield>
  </datafield>
  <datafield tag="650" ind1=" " ind2="0">
    <subfield code="a">&#xE01;&#xE32;&#xE23;&#xE1E;&#xE31;&#xE12;&#xE19;&#xE32;&#xE2D;&#xE07;&#xE04;&#xE4C;&#xE01;&#xE32;&#xE23;</subfield>
    <subfield code="9">15767</subfield>
  </datafield>
  <datafield tag="700" ind1="1" ind2=" ">
    <subfield code="9">46592</subfield>
    <subfield code="a">Wodke, Christina  </subfield>
  </datafield>
  <datafield tag="700" ind1="0" ind2=" ">
    <subfield code="a">&#xE19;&#xE20;&#xE14;&#xE25; &#xE23;&#xE48;&#xE21;&#xE42;&#xE1E;&#xE18;&#xE34;&#xE4C;.</subfield>
    <subfield code="9">31082</subfield>
  </datafield>
  <datafield tag="700" ind1="4" ind2=" ">
    <subfield code="9">46591</subfield>
    <subfield code="a">&#xE1A;&#xE23;&#xE23;&#xE08;&#xE07; &#xE23;&#xE48;&#xE21;&#xE42;&#xE1E;&#xE18;&#xE34;&#xE4C;</subfield>
  </datafield>
  <datafield tag="850" ind1=" " ind2=" ">
    <subfield code="a">NALT</subfield>
  </datafield>
  <datafield tag="942" ind1=" " ind2=" ">
    <subfield code="2">lcc</subfield>
    <subfield code="c">GB</subfield>
  </datafield>
  <datafield tag="998" ind1=" " ind2=" ">
    <subfield code="a">phon</subfield>
    <subfield code="b">phon</subfield>
    <subfield code="c">phon</subfield>
    <subfield code="j">1020</subfield>
    <subfield code="k"> &#xE19;&#xE32;&#xE07;&#xE08;&#xE33;&#xE40;&#xE23;&#xE35;&#xE22;&#xE07;  &#xE23;&#xE30;&#xE27;&#xE31;&#xE07;&#xE2A;&#xE33;&#xE42;&#xE23;&#xE07;</subfield>
  </datafield>
  <datafield tag="952" ind1=" " ind2=" ">
    <subfield code="0">0</subfield>
    <subfield code="1">0</subfield>
    <subfield code="2">lcc</subfield>
    <subfield code="4">0</subfield>
    <subfield code="7">0</subfield>
    <subfield code="8">CGBL</subfield>
    <subfield code="a">NALT</subfield>
    <subfield code="b">NALT</subfield>
    <subfield code="c">GEN</subfield>
    <subfield code="d">2020-07-20</subfield>
    <subfield code="e">1</subfield>
    <subfield code="l">2</subfield>
    <subfield code="m">2</subfield>
    <subfield code="o">HD 62.15 &#xE27;364&#xE2D; 2562</subfield>
    <subfield code="p">3961211113</subfield>
    <subfield code="r">2020-11-24 00:00:00</subfield>
    <subfield code="s">2020-11-17</subfield>
    <subfield code="w">2020-07-20</subfield>
    <subfield code="y">GB</subfield>
  </datafield>
</record>
